000 00619nam a2200181Ia 4500
008 151202s9999||||xx |||||||||||||| ||und||
082 _bPNVM-46869
100 _aफडके यशवंत.
245 _aसंसद तेव्हा आणि आता.
260 _b"अक्षर प्रकाशन,मुंबई."
260 _c2006
300 _a143
600 _aफडके यशवंत.
630 _aसंसद तेव्हा आणि आता.
700 _aफडके यशवंत.
730 _aसंसद तेव्हा आणि आता.
942 _cBOOK
999 _c1312819
_d1312816